000 00373nam a2200121 4500
999 _c10715
_d10715
008 180918b ||||| |||| 00| 0 eng d
100 _931255
_ade Vera O. Ben
245 _aAngara measure would grant taxpayers a bill of rights/
_cBen O. de Vera
260 _aPhilippines
_bPhilippine Daily Inquirer
_cc2016
300 _apage A9.
650 0 _937135
_aLaw.
942 _2ddc
_cPER